000
00273nam a22001217a 4500
040
_c
HS
082
_a
658
100
_a
សុក គន្ធី
245
_a
Basic project management
260
_a
Singapore
_b
សុក គន្ធី
_c
NA
300
_a
151p;
942
_c
EK
999
_c
9957
_d
9957